| 000 | 02430nam a2200337 i 4500 | ||
|---|---|---|---|
| 003 | CSPC | ||
| 005 | 20241218154917.0 | ||
| 008 | 231215s2021 nyua 000 0 eng d | ||
| 020 | _a9781260463217 | ||
| 040 |
_cCSPC _aCSPC _beng _dCSPC _erda |
||
| 050 | 0 | 4 |
_aPL533 _b.S386 2021 |
| 082 | 0 | 4 |
_a495.682421 _bSa832c _223 |
| 100 | 1 |
_aSato, Eriko, _d1962- _eauthor. |
|
| 245 | 1 | 0 |
_aComplete Japanese grammar / _cEriko Sato. |
| 250 | _aPremium second edition. | ||
| 264 | 1 |
_aNew York : _bMcGraw-Hill, _c2021. |
|
| 300 |
_aix, 294 pages : _billustrations ; _c28 cm. |
||
| 336 |
_2rdacontent _atext |
||
| 337 |
_2rdamedia _aunmediated |
||
| 338 |
_2rdacarrier _avolume |
||
| 490 | 1 | _aPractice makes perfect | |
| 505 | 0 | _aIntroducing Japanese sounds, word order, and writing systems -- Nouns -- Numbers -- Basic verb forms -- Verb types -- Auxiliaries that follow verbs in the te form -- Particles -- Adjective and adverbs -- Sentence type -- Complex words and phrases -- Clauses -- Conjunctions -- Conditionals -- Passives and causatives -- Honorifics -- Review exercises. | |
| 520 | _a"The most hands-on, practical workbook for learning to read, write and speak Japanese flawlessly. Practice, practice, practice--and improve your ability to read, write and speak Japanese as it's really used. Practice Makes Perfect: Complete Japanese Grammar, Premium Second Edition has everything you need to progress from beginning to advanced fluency, from clear explanations and practical examples to all the practice required for language mastery. This updated, new edition boasts audio support online and via mobile app, ensuring you'll speak the language as well as you write and speak it. The answers to more than 100 exercises in the book have been recorded and are available via the McGraw-Hill Language Lab app, and you can also (depending on your mobile device's capabilities) record your own answers to compare with native speakers"--Publisher's description | ||
| 546 | _aIn English and Japanese | ||
| 650 | 0 |
_aJapanese language _xGrammar. |
|
| 650 | 0 |
_aJapanese language _xGrammar _vProblems, exercises, etc. |
|
| 650 | 0 |
_aJapanese language _zTextbooks for foreign speakers _xEnglish. |
|
| 830 | 0 | _aPractice makes perfect (McGraw-Hill Companies) | |
| 942 |
_2ddc _cBK _h495.682421 _iSa832c _kCIR _m2021 _n0 _e23 |
||
| 999 |
_c26745 _d26745 |
||